Larousse encyclopedia of the earth. (Record no. 125565)
[ view plain ]
| 000 -LEADER | |
|---|---|
| fixed length control field | 01176cam a22003251 4500 |
| 001 - CONTROL NUMBER | |
| control field | 2166622 |
| 003 - CONTROL NUMBER IDENTIFIER | |
| control field | ARRUPE |
| 005 - DATE AND TIME OF LATEST TRANSACTION | |
| control field | 20161026112245.0 |
| 008 - FIXED-LENGTH DATA ELEMENTS--GENERAL INFORMATION | |
| fixed length control field | 730724s1961 nyuabf 000 0 eng |
| 010 ## - LIBRARY OF CONGRESS CONTROL NUMBER | |
| LC control number | 61014331 |
| 040 ## - CATALOGING SOURCE | |
| Original cataloging agency | DLC |
| Transcribing agency | DLC |
| Modifying agency | DLC |
| 041 1# - LANGUAGE CODE | |
| Language code of text/sound track or separate title | engfre |
| 050 00 - LIBRARY OF CONGRESS CALL NUMBER | |
| Classification number | QE501 |
| Item number | .B563 1961 |
| 082 00 - DEWEY DECIMAL CLASSIFICATION NUMBER | |
| Classification number | 550.82 |
| 300 ## - PHYSICAL DESCRIPTION | |
| Other physical details | illus., col. plates, maps. |
| Dimensions | 30 cm. |
| 100 1# - MAIN ENTRY--PERSONAL NAME | |
| Personal name | Bertin, Léon, |
| Dates associated with a name | 1896-1956. |
| 9 (RLIN) | 26940 |
| 240 10 - UNIFORM TITLE | |
| Uniform title | <a href="Terre, notre planète.">Terre, notre planète.</a> |
| Language of a work | English |
| 245 10 - TITLE STATEMENT | |
| Title | Larousse encyclopedia of the earth. |
| Statement of responsibility, etc | Foreword by Vivian Fuchs. Introd. by Carroll Lane Fenton. Editorial consultants (English ed.): Norman Harris [and others. Translated by R. Bradshaw and Mary M. Owen] |
| 260 ## - PUBLICATION, DISTRIBUTION, ETC. (IMPRINT) | |
| Place of publication, distribution, etc | New York, |
| Name of publisher, distributor, etc | Prometheus Press, |
| Date of publication, distribution, etc | 1961. |
| 300 ## - PHYSICAL DESCRIPTION | |
| Extent | 419 p. |
| 500 ## - GENERAL NOTE | |
| General note | Translation of La terre, notre planète. |
| 650 #0 - SUBJECT ADDED ENTRY--TOPICAL TERM | |
| Topical term or geographic name as entry element | Geology. |
| 9 (RLIN) | 1654 |
| 650 #0 - SUBJECT ADDED ENTRY--TOPICAL TERM | |
| Topical term or geographic name as entry element | Physical geography. |
| 9 (RLIN) | 26941 |
| 650 #0 - SUBJECT ADDED ENTRY--TOPICAL TERM | |
| Topical term or geographic name as entry element | Mines and mineral resources. |
| 9 (RLIN) | 26942 |
| 651 #0 - SUBJECT ADDED ENTRY--GEOGRAPHIC NAME | |
| Geographic name | Earth (Planet) |
| 9 (RLIN) | 26943 |
| 700 ## - ADDED ENTRY--PERSONAL NAME | |
| Personal name | Harris, Norman |
| Relator term | ed. |
| 9 (RLIN) | 27005 |
| 700 ## - ADDED ENTRY--PERSONAL NAME | |
| Personal name | Bradshan, R |
| Fuller form of name | tr. |
| 9 (RLIN) | 27006 |
| 700 ## - ADDED ENTRY--PERSONAL NAME | |
| Personal name | Owen, Mary |
| Relator term | tr. |
| 9 (RLIN) | 27007 |
| 906 ## - LOCAL DATA ELEMENT F, LDF (RLIN) | |
| a | 7 |
| b | cbc |
| c | orignew |
| d | u |
| e | ocip |
| f | 19 |
| g | y-gencatlg |
| 942 ## - ADDED ENTRY ELEMENTS (KOHA) | |
| Source of classification or shelving scheme | Library of Congress Classification |
| Koha item type | Monograph ( Printed materials) |
| Withdrawn status | Lost status | Source of classification or shelving scheme | Damaged status | Not for loan | Collection code | Home library | Current library | Shelving location | Date acquired | Total Checkouts | Full call number | Barcode | Date last seen | Price effective from | Koha item type |
|---|---|---|---|---|---|---|---|---|---|---|---|---|---|---|---|
| Library of Congress Classification | Main Collection | ARRUPE LIBRARY | ARRUPE LIBRARY | Main Collection | 25/10/2016 | L. QE501 .B563 1965 | 46500010573 | 25/10/2016 | 25/10/2016 | Monograph ( Printed materials) |